Queen Songs with the Shortest Names - Statistics

General Stats
  • This quiz has been taken 35 times
  • The average score is 7 of 19
Answer Stats
% Correct
A Night At The Opera '39
76%
Queen Jesus
58%
Queen Liar
58%
Innuendo Bijou
45%
Hot Space Cool Cat
45%
Innuendo Delilah
39%
A Day At The Races Drowse
39%
The Miracle Party
36%
The Game Save Me
36%
Hot Space Dancer
33%
Jazz Fun It
30%
The Game Rock It
27%
The Miracle Scandal
27%
Flash Gordon The Hero
27%
Flash Gordon The Kiss
24%
A Day At The Races You And I
24%
Sheer Heart Attack Misfire
18%
Flash Gordon The Ring
18%
Flash Gordon Aboria
0%
No matching quizzes found
Score Distribution
Percent of People with Each Score
Percentile by Number Answered
Your Score History
You have not taken this quiz